Szczegóły MARC21

Degresywna proporcjonalność a kształtowanie składu Parlamentu Europejskiego /

003 -Nazwa inst., której nr kontr. jest w polu 001 [,]
    • @
    • Nazwa instytucji, której n kontrolny jest w polu 001
    • NUKAT
005 -DATA I CZAS OSTATNIEJ MODYFIKACJI [,]
    • @
    • pole kontrolne
    • 20241231094153.0
020 -Międzynarod. znormalizowany nr książki - ISBN [ , ]
    • a
    • Numer ISBN
    • 9788376951799 Find
040 -Instytucja sporządzająca opis [ , ]
    • a
    • Instytucja, która sporządziła opis (NP)
    • OLSZT 003/WO
    • c
    • Instytucja, która sporządziła rekord (NP)
    • OLSZT 003/WOs
    • d
    • Instytucja, która zmodyfikowała rekord (P)
    • KR U/Kaz
041 -Język dokumentu [0, ]
    • a
    • Język tekstu (P)
    • polski
    • b
    • Język streszczeń lub abstraktu (P)
    • angielski
942 -Rodzaj dokumentu [ , ]
    • c
    • Rodzaj dokumentu
    • Książka
100 -Hasło główne - nazwa osobowa [1, ]
    • a
    • Nazwa osobowa (NP)
    • Misztal, Andrzej
    • c
    • Dopowiedzenie inne niż daty biograficzne (P)
    • (matematyka).
    • 9
    • KHW
    • 47504
245 -Strefa tytułu i oznaczenia odpowiedzialności [1,0]
    • a
    • Tytuł
    • Degresywna proporcjonalność a kształtowanie składu Parlamentu Europejskiego / Find
    • c
    • Pozostałe elementy strefy tytułu i oznaczenia odpowiedzialności (NP)
    • Andrzej Misztal.
260 -Strefa adresu wydawniczego [ , ]
    • a
    • Miejsce wydania (P)
    • Wrocław :
    • b
    • Nazwa wydawcy (P)
    • Wydawnictwo Uniwersytetu Ekonomicznego,
    • c
    • Data wydania (P)
    • 2012.
300 -Strefa opisu fizycznego [ , ]
    • a
    • Określenie formy książki i/lub objętość (NP)
    • 151 s. :
    • b
    • Oznaczenie ilustracji (NP)
    • il. ;
    • c
    • Format (NP)
    • 24 cm.
336 -Typ zawartości [ , ]
    • a
    • Termin opisujący typ zawartości
    • Tekst
    • b
    • Kod określający zawartość
    • txt
    • 2
    • Źródło (terminu i kodu)
    • rdacontent
337 -Typ mediów [ , ]
    • a
    • Tryb odtwarzania
    • Bez urządzenia pośredniczącego
    • b
    • Kod typu mediów
    • n
    • 2
    • Źródło (terminu i kodu)
    • rdamedia
338 -Typ/rodzaj nośnika [ , ]
    • a
    • Hasło opisujące typ nośnika
    • Wolumin
    • b
    • Kod typu nośnika
    • nc
    • 2
    • Źródło (terminu i kodu)
    • rdacarrier
490 -Strefa serii i książki wielotomowej - forma nie do wyszukiwania [1, ]
    • a
    • Tytuł (P)
    • Monografie i Opracowania ; Find
    • v
    • Numeracja (P)
    • nr 203
830 -Hasło dodatkowe serii i opisu książki wielotomowej - tytuł ujednolicony/tytuł [ ,0]
    • a
    • Tytuł ujednolicony/tytuł (NP)
    • Monografie i Opracowania - Uniwersytet Ekonomiczny we Wrocławiu
    • x
    • ISSN
    • 2084-6193
    • v
    • Oznaczenie tomu (NP)
    • nr 203
    • 9
    • KHW
    • 47505
500 -Uwaga ogólna [ , ]
    • a
    • Uwaga ogólna (NP)
    • Na s. red. i 4 s. okł. bł. ISSN 2084-6193.
504 -Uwaga dot. bibliogr. załącznikowej [ , ]
    • a
    • Uwaga dot. bibliografii załącznikowej
    • Bibliogr. s. 131-135. Indeks.
546 -Uwaga dot. języka [ , ]
    • a
    • Uwaga dot. języka
    • Streszcz. ang.
080 -Uniwersalna Klasyfikacja Dziesiętna [ , ]
    • 2
    • Identyfikator wydania tablic
    • UDC-P058
    • 9
    • UKD
    • 2918
    • a
    • Symbol klasyfikacji
    • 328
    • b
    • Dopowiedzenie
    • Parlamenty. Przedstawicielstwa narodowe. Rządy. Większości i mniejszości parlamentarne. Opozycja. Frakcje parlamentarne. Kryzysy parlamentarne, rządowe i gabinetowe. Ogólne zagadnienia z punktu widzenia teorii państwa.
080 -Uniwersalna Klasyfikacja Dziesiętna [ , ]
    • 2
    • Identyfikator wydania tablic
    • UDC-P058
    • 9
    • UKD
    • 9653
    • a
    • Symbol klasyfikacji
    • 061.1(4-67):339.923:327.39
    • b
    • Dopowiedzenie
    • Unia Europejska.
610 -Hasło przedmiotowe w formie nazwy ciała zbiorowego [2,7]
    • a
    • Nazwa ciała zbiorowego lub nazwa geograficzna
    • Parlament Europejski
    • x
    • Określnik ogólny
    • wybory.
    • 2
    • Źródło terminu
    • kaba
    • 9
    • KHW
    • 356487
650 -Hasło przedmiotowe [ ,7]
    • a
    • Hasło przedmiotowe
    • Podział mandatów.
    • 2
    • Źródło terminu
    • kaba
    • 9
    • KHW
    • 124321
650 -Hasło przedmiotowe [ ,7]
    • a
    • Hasło przedmiotowe
    • Reprezentacja proporcjonalna
    • z
    • Określnik geograficzny
    • Kraje Unii Europejskiej.
    • 2
    • Źródło terminu
    • kaba
    • 9
    • KHW
    • 369679
980 -Symbol UKD [ , ]
    • a
    • UKD
    • 328:061.1(4-67):339.923:327.39
710 -Hasło dodatkowe - nazwa ciała zbiorowego [2, ]
    • a
    • Nazwa ciała zbiorowego lub nazwa geograficzna jako pierwszy element (NP)
    • Uniwersytet Ekonomiczny (Wrocław).
    • b
    • Nazwa jednostki podrzędnej (P)
    • Wydawnictwo.
    • 4
    • Kod relacji
    • pbl
    • 9
    • KHW
    • 53273
920 -ISBN [ , ]
    • a
    • ISBN
    • 978-83-7695-179-9 Find
Numer inwentarzowy Status udost. Lokalizacja Data inwentaryzacji
E.73911-2BE2012-07-19